000 00815nam a2200277Ia 4500
003 OSt
005 20220918230521.0
006 a|||||r|||| 00| 0
007 ta
008 220917b |||||||| |||| 00| 0 eng d
024 _a254,936
037 _cTextual
040 _aARTS
_cARTS
_beng
041 _2eng
_aeng
082 _aV6.N8z7, L9
100 _aLegum Colin
245 0 _aAfrica in the 1980s
_b A continent in crisis
260 _aNew York
_bMcgraw-Hill Book Company USA
_c1979
300 _axii,232p.
_ccm.
650 _aHISTORY
700 _a Langdon Steven
_9152756
700 _a Mytelka Lynn K.
_9152757
700 _a Zartman I. William
_996479
942 _hV6.N8z7, L9
_cTEXL
_2CC
999 _c288255
_d288255